[Event "DSJ Weihnachtsturnier U16: Lasker 2020"]
[Site ""]
[Date "2020.12.28"]
[Round "4"]
[White "Hoffmann, Tom"]
[Black "Alhamid, Mohamad"]
[Result "1-0"]
[Termination "normal"]
[Board "1.3"]
[WhiteElo "1296"]
[BlackElo "1664"]
[WhiteTeam "SC ML Kastellaun"]
[BlackTeam "Delmenhorster SK V 1931"]
[PlyCount "143"]
[WhiteFideId "16288726"]
[BlackFideId "16235665"]
[EventRounds "7"]
[EventType "team-swiss"]
[EventDate "2020.12.28"]

1. Nf3 { [%emt 0:00:03] Delmen2-003 reconnected.} Nc6 {[%emt 0:00:29]} 2. g3
{[%emt 0:00:08]} g6 {[%emt 0:00:03]} 3. d4 {[%emt 0:00:03]} d5 {[%emt 0:00:03]}
4. Bg2 { [%emt 0:00:05]} Bg7 {[%emt 0:00:02]} 5. O-O {[%emt 0:00:42]} Bg4
{[%emt 0:00:13]} 6. c4 {[%emt 0:00:43]} e6 {[%emt 0:00:12]} 7. Nc3 {[%emt
0:00:52]} Bxf3 { [%emt 0:01:29]} 8. Bxf3 {[%emt 0:00:38]} Nxd4 {[%emt 0:00:07]}
9. Bg2 {[%emt 0:00:06]} c6 {[%emt 0:01:19]} 10. e3 {[%emt 0:00:03]} Nf5 {[%emt
0:00:07]} 11. cxd5 {[%emt 0:00:03]} cxd5 {[%emt 0:00:13]} 12. e4 {[%emt
0:00:58]} dxe4 { [%emt 0:00:31]} 13. Qa4+ {[%emt 0:00:19]} Qd7 {[%emt 0:00:15]}
14. Qxd7+ { [%emt 0:00:15]} Kxd7 {[%emt 0:00:00]} 15. Nxe4 {[%emt 0:00:02]} b6
{[%emt 0:00:19]} 16. Rd1+ {[%emt 0:00:06]} Ke7 {[%emt 0:00:16]} 17. Bg5+ {[%emt
0:00:48]} f6 {[%emt 0:00:07]} 18. Rac1 {[%emt 0:01:15]} fxg5 {[%emt 0:01:50]}
19. Rc7+ { [%emt 0:00:18] Delmen2-003 reconnected.} Kf8 {[%emt 0:00:22]} 20.
Nxg5 { [%emt 0:00:37]} Nd4 {[%emt 0:01:59]} 21. Bxa8 {[%emt 0:00:15]} h6 {[%emt
0:00:25]} 22. Nxe6+ {[%emt 0:01:12]} Nxe6 {[%emt 0:00:06]} 23. Rxa7 {[%emt
0:00:01]} Ne7 {[%emt 0:00:08]} 24. Re1 {[%emt 0:00:09]} Kf7 {[%emt 0:00:07]}
25. Bd5 { [%emt 0:00:03]} Rd8 {[%emt 0:00:04]} 26. Bxe6+ {[%emt 0:00:05]} Kf6
{[%emt 0:00:01]} 27. Bb3 {[%emt 0:00:05]} Bf8 {[%emt 0:00:01]} 28. Re6+ {[%emt
0:00:04]} Kg7 {[%emt 0:00:01]} 29. Rexe7+ {[%emt 0:00:05]} Bxe7 {[%emt
0:00:00]} 30. Rxe7+ {[%emt 0:00:01]} Kf6 {[%emt 0:00:00]} 31. Rf7+ {[%emt
0:00:01]} Kg5 { [%emt 0:00:01]} 32. Rb7 {[%emt 0:00:05]} Rd6 {[%emt 0:00:01]}
33. a4 {[%emt 0:00:04]} h5 {[%emt 0:00:02]} 34. Ra7 {[%emt 0:00:08]} Rd2 {[%emt
0:00:05]} 35. Ra6 {[%emt 0:00:08]} Rxb2 {[%emt 0:00:02]} 36. Rxb6 {[%emt
0:00:01]} Kh6 { [%emt 0:00:02]} 37. a5 {[%emt 0:00:02]} h4 {[%emt 0:00:04]} 38.
Kg2 {[%emt 0:00:07]} Kg5 {[%emt 0:00:02]} 39. Rb5+ {[%emt 0:00:05]} Kh6 {[%emt
0:00:02]} 40. Bc4 {[%emt 0:00:02]} Rc2 {[%emt 0:00:02]} 41. Bd3 {[%emt
0:00:03]} Rc6 { [%emt 0:00:02]} 42. Rb6 {[%emt 0:00:04]} h3+ {[%emt 0:00:05]}
43. Kxh3 { [%emt 0:00:02]} Rc3 {[%emt 0:00:00]} 44. Rc6 {[%emt 0:00:03]} Rxc6
{[%emt 0:00:02]} 45. a6 {[%emt 0:00:03]} Rd6 {[%emt 0:00:00]} 46. a7 {[%emt
0:00:08]} Rd8 { [%emt 0:00:04]} 47. Be4 {[%emt 0:00:01]} Kg5 {[%emt 0:00:01]}
48. a8=Q { [%emt 0:00:01]} Rxa8 {[%emt 0:00:03]} 49. Bxa8 {[%emt 0:00:01]} Kh5
{[%emt 0:00:02]} 50. g4+ {[%emt 0:00:02]} Kg5 {[%emt 0:00:00]} 51. Kg3 {[%emt
0:00:02]} Kh6 {[%emt 0:00:01]} 52. Be4 {[%emt 0:00:02]} Kg7 {[%emt 0:00:00]}
53. Bxg6 { [%emt 0:00:01]} Kxg6 {[%emt 0:00:00]} 54. f4 {[%emt 0:00:01]} Kf6
{[%emt 0:00:00]} 55. h4 {[%emt 0:00:01]} Kg6 {[%emt 0:00:00]} 56. g5 {[%emt
0:00:01]} Kf5 { [%emt 0:00:02]} 57. h5 {[%emt 0:00:01]} Ke6 {[%emt 0:00:01]}
58. Kg4 {[%emt 0:00:01]} Kf7 {[%emt 0:00:00]} 59. h6 {[%emt 0:00:00]} Kg6
{[%emt 0:00:01]} 60. f5+ {[%emt 0:00:01]} Kh7 {[%emt 0:00:01]} 61. Kh5 {[%emt
0:00:04]} Kg8 { [%emt 0:00:01]} 62. Kg6 {[%emt 0:00:02]} Kh8 {[%emt 0:00:03]}
63. f6 {[%emt 0:00:01]} Kg8 {[%emt 0:00:01]} 64. f7+ {[%emt 0:00:01]} Kf8
{[%emt 0:00:01]} 65. h7 {[%emt 0:00:02]} Ke7 {[%emt 0:00:00]} 66. h8=Q {[%emt
0:00:01]} Ke6 { [%emt 0:00:02]} 67. Qf6+ {[%emt 0:00:01]} Kd5 {[%emt 0:00:01]}
68. f8=Q { [%emt 0:00:01]} Ke4 {[%emt 0:00:00]} 69. Qb4+ {[%emt 0:00:02]} Kd3
{[%emt 0:00:00]} 70. Qfc3+ {[%emt 0:00:01]} Ke2 {[%emt 0:00:01]} 71. Qbb2+
{[%emt 0:00:01]} Kf1 {[%emt 0:00:00]} 72. Qcc1# {[%emt 0:00:01]} 1-0

[Event "DSJ Weihnachtsturnier U16: Lasker 2020"]
[Site ""]
[Date "2020.12.28"]
[Round "4"]
[White "Sinnhöfer, Joshua"]
[Black "Nedilko, Marko"]
[Result "1-0"]
[Termination "normal"]
[Board "1.4"]
[WhiteElo "1712"]
[BlackElo "1407"]
[WhiteTeam "Delmenhorster SK V 1931"]
[BlackTeam "SC ML Kastellaun"]
[PlyCount "129"]
[WhiteFideId "16201361"]
[BlackFideId "16266560"]
[EventRounds "7"]
[EventType "team-swiss"]
[EventDate "2020.12.28"]

1. e4 {[%emt 0:00:20]} g6 {[%emt 0:00:09]} 2. Bc4 { [%emt 0:00:05]} Bg7 {[%emt
0:00:06]} 3. Qf3 {[%emt 0:00:07]} e6 {[%emt 0:00:17] } 4. Nc3 {[%emt 0:00:04]}
c5 {[%emt 0:00:06]} 5. d3 {[%emt 0:00:10]} Nc6 { [%emt 0:00:07]} 6. Nge2 {[%emt
0:00:42]} Nge7 {[%emt 0:00:08]} 7. O-O {[%emt 0:00:08]} Kf8 {[%emt 0:00:04]} 8.
Bg5 {[%emt 0:00:32]} h6 {[%emt 0:00:03]} 9. Bf6 {[%emt 0:00:02]} a6 {[%emt
0:00:15]} 10. a3 {[%emt 0:00:16]} b5 {[%emt 0:00:09] } 11. Ba2 {[%emt 0:00:03]}
Bb7 {[%emt 0:00:01]} 12. Ng3 {[%emt 0:00:23]} Nd4 { [%emt 0:00:05]} 13. Bxg7+
{[%emt 0:00:18]} Kxg7 {[%emt 0:00:02]} 14. Qd1 { [%emt 0:00:11]} Rf8 {[%emt
0:00:04]} 15. Nce2 {[%emt 0:00:04]} Nxe2+ {[%emt 0:00:07]} 16. Qxe2 {[%emt
0:00:00]} f5 {[%emt 0:00:02]} 17. exf5 {[%emt 0:00:07]} Nxf5 {[%emt 0:00:10]}
18. Nxf5+ {[%emt 0:00:05]} Rxf5 {[%emt 0:00:03]} 19. Qe3 {[%emt 0:00:20]} Qf6
{[%emt 0:00:45]} 20. c3 {[%emt 0:00:29]} Re5 {[%emt 0:00:10]} 21. Qd2 {[%emt
0:00:38]} d5 {[%emt 0:00:24]} 22. Rfe1 {[%emt 0:00:05]} Rg5 {[%emt 0:00:04]}
23. d4 {[%emt 0:00:25]} cxd4 {[%emt 0:00:07]} 24. cxd4 { [%emt 0:00:04]} Re8
{[%emt 0:00:19]} 25. Rac1 {[%emt 0:00:08]} Kg8 {[%emt 0:00:34]} 26. Rc7 {[%emt
0:00:13]} Re7 {[%emt 0:00:04]} 27. Rec1 {[%emt 0:00:18]} e5 {[%emt 0:00:43]}
28. dxe5 {[%emt 0:00:18]} Rgxe5 {[%emt 0:00:02]} 29. Rxe7 { [%emt 0:00:06]}
Rxe7 {[%emt 0:00:04]} 30. Bxd5+ {[%emt 0:00:07]} Bxd5 {[%emt 0:00:02]} 31.
Qxd5+ {[%emt 0:00:00]} Kg7 {[%emt 0:00:04]} 32. Qd2 {[%emt 0:00:09] } Qf5
{[%emt 0:00:46]} 33. h3 {[%emt 0:00:09]} Rd7 {[%emt 0:00:09]} 34. Qc3+ { [%emt
0:00:06]} Kf7 {[%emt 0:00:02]} 35. Qb3+ {[%emt 0:00:07]} Kf6 {[%emt 0:00:18]}
36. Rc6+ {[%emt 0:00:28]} Kg7 {[%emt 0:00:09]} 37. Qc3+ {[%emt 0:00:05]} Kf7
{[%emt 0:00:03]} 38. Rc7 {[%emt 0:00:03]} Qb1+ {[%emt 0:00:27]} 39. Kh2 { [%emt
0:00:02]} Qd1 {[%emt 0:00:05]} 40. Qf3+ {[%emt 0:00:34]} Qxf3 {[%emt 0:00:26]}
41. Rxd7+ {[%emt 0:00:07]} Ke6 {[%emt 0:00:01]} 42. gxf3 {[%emt 0:00:02]} Kxd7
{[%emt 0:00:01]} 43. Kg3 {[%emt 0:00:00]} Ke6 {[%emt 0:00:01]} 44. Kf4 {[%emt
0:00:01]} Kf6 {[%emt 0:00:01]} 45. Ke4 {[%emt 0:00:01]} Ke6 { [%emt 0:00:01]}
46. f4 {[%emt 0:00:01]} a5 {[%emt 0:00:03]} 47. b4 {[%emt 0:00:02]} a4 {[%emt
0:00:01]} 48. h4 {[%emt 0:00:03]} h5 {[%emt 0:00:02]} 49. f3 { [%emt 0:00:02]}
Kd6 {[%emt 0:00:02]} 50. f5 {[%emt 0:00:02]} gxf5+ {[%emt 0:00:02]} 51. Kxf5
{[%emt 0:00:00]} Kd5 {[%emt 0:00:04]} 52. f4 {[%emt 0:00:11]} Kd6 {[%emt
0:00:21]} 53. Kg6 {[%emt 0:00:04]} Ke6 {[%emt 0:00:01]} 54. f5+ { [%emt
0:00:01]} Ke7 {[%emt 0:00:01]} 55. Kg7 {[%emt 0:00:01]} Kd6 {[%emt 0:00:01]}
56. f6 {[%emt 0:00:01]} Kd5 {[%emt 0:00:01]} 57. f7 {[%emt 0:00:00]} Kc4 {
[%emt 0:00:01]} 58. f8=Q {[%emt 0:00:00]} Kb3 {[%emt 0:00:01]} 59. Qf3+ { [%emt
0:00:01]} Kb2 {[%emt 0:00:02]} 60. Kf6 {[%emt 0:00:02]} Ka2 {[%emt 0:00:02]}
61. Ke5 {[%emt 0:00:02]} Kb2 {[%emt 0:00:01]} 62. Kd4 {[%emt 0:00:01]} Ka2
{[%emt 0:00:01]} 63. Kc3 {[%emt 0:00:03]} Ka1 {[%emt 0:00:03]} 64. Qf2 { [%emt
0:00:05]} Kb1 {[%emt 0:00:02]} 65. Qb2# {[%emt 0:00:00]} 1-0

[Event "DSJ Weihnachtsturnier U16: Lasker 2020"]
[Site ""]
[Date "2020.12.28"]
[Round "4"]
[White "Weihrauch, Jakob"]
[Black "Blome, Johannes"]
[Result "1-0"]
[Termination "normal"]
[Board "2.1"]
[WhiteElo "2146"]
[BlackElo "1849"]
[WhiteTeam "Hamburger SK von 1830"]
[BlackTeam "Hamburger SK von 1830 3"]
[PlyCount "59"]
[WhiteFideId "16210115"]
[BlackFideId "16233972"]
[EventRounds "7"]
[EventType "team-swiss"]
[EventDate "2020.12.28"]

1. e4 {[%emt 0:00:04] HSK05-001 kibitzing!? HSK05-001 reconnected.} c5 { [%emt
0:00:22]} 2. Nf3 {[%emt 0:00:02]} e6 {[%emt 0:00:02]} 3. d4 {[%emt 0:00:08]}
cxd4 {[%emt 0:00:01]} 4. Nxd4 {[%emt 0:00:01]} Nc6 {[%emt 0:00:01]} 5. Nc3
{[%emt 0:00:04]} Qc7 {[%emt 0:00:04]} 6. Qd3 {[%emt 0:00:41]} Nf6 {[%emt
0:00:45]} 7. Ndb5 {[%emt 0:00:10]} Qb8 {[%emt 0:00:04]} 8. Qg3 {[%emt 0:00:03]}
d6 { [%emt 0:00:06]} 9. Bf4 {[%emt 0:00:03]} e5 {[%emt 0:00:05]} 10. Bg5 {[%emt
0:00:03]} a6 {[%emt 0:00:08]} 11. Na3 {[%emt 0:00:13]} Be7 {[%emt 0:00:05]} 12.
Bxf6 {[%emt 0:00:09]} Bxf6 {[%emt 0:00:11]} 13. Nd5 {[%emt 0:00:01]} b5 { [%emt
0:00:24]} 14. Nxf6+ {[%emt 0:00:06]} gxf6 {[%emt 0:00:02]} 15. Qg7 { [%emt
0:00:01]} Rf8 {[%emt 0:00:12]} 16. Qxf6 {[%emt 0:00:03]} Be6 {[%emt 0:00:04]}
17. O-O-O {[%emt 0:00:19] HSK05-001 reconnected.} Nd4 {[%emt 0:00:35]} 18. Kb1
{[%emt 0:00:24]} Qc7 {[%emt 0:00:34] HSK05-001 reconnected.} 19. c3 { [%emt
0:00:05]} Nc6 {[%emt 0:00:03]} 20. Bxb5 {[%emt 0:00:09]} axb5 {[%emt 0:00:09]}
21. Nxb5 {[%emt 0:00:02] HSK05-001 reconnected.} Bxa2+ {[%emt 0:00:55]} 22. Kc1
{[%emt 0:00:04]} Qb8 {[%emt 0:00:28]} 23. Nxd6+ {[%emt 0:00:08]} Kd7 { [%emt
0:00:04]} 24. Nb5+ {[%emt 0:01:28]} Nd4 {[%emt 0:01:29]} 25. Nxd4 { [%emt
0:00:05]} exd4 {[%emt 0:00:08]} 26. Rxd4+ {[%emt 0:00:04]} Kc7 {[%emt 0:00:06]}
27. Qd6+ {[%emt 0:00:14]} Kb7 {[%emt 0:00:19]} 28. Rb4+ {[%emt 0:00:08]
HSK05-001 reconnected.} Kc8 {[%emt 0:00:13]} 29. Qxf8+ {[%emt 0:00:09]} Kc7 {
[%emt 0:00:02]} 30. Qc5+ {[%emt 0:00:10]} 1-0

[Event "DSJ Weihnachtsturnier U16: Lasker 2020"]
[Site ""]
[Date "2020.12.28"]
[Round "4"]
[White "Christensen, John Christopher"]
[Black "Garner, Isaac"]
[Result "0-1"]
[Termination "time forfeit"]
[Board "2.2"]
[WhiteElo "1925"]
[BlackElo "2095"]
[WhiteTeam "Hamburger SK von 1830 3"]
[BlackTeam "Hamburger SK von 1830"]
[PlyCount "78"]
[WhiteFideId "1453947"]
[BlackFideId "16239261"]
[EventRounds "7"]
[EventType "team-swiss"]
[EventDate "2020.12.28"]

1. e4 {[%emt 0:00:03]} c5 {[%emt 0:00:04]} 2. Nf3 {[%emt 0:00:04]} e6 {[%emt
0:00:01]} 3. d4 {[%emt 0:00:02]} cxd4 {[%emt 0:00:00]} 4. Nxd4 {[%emt 0:00:01]}
Nc6 {[%emt 0:00:00]} 5. Be3 {[%emt 0:00:05]} Nf6 {[%emt 0:00:02]} 6. Nc3 {
[%emt 0:00:03]} Bb4 {[%emt 0:00:01]} 7. f3 {[%emt 0:00:03]} d5 {[%emt 0:00:01]}
8. Bb5 {[%emt 0:00:18]} Qc7 {[%emt 0:02:25]} 9. Qd3 {[%emt 0:04:08]} O-O {
[%emt 0:02:14]} 10. O-O-O {[%emt 0:00:22]} Ne5 {[%emt 0:00:51]} 11. Qd2 { [%emt
0:00:18]} dxe4 {[%emt 0:00:04]} 12. Bf4 {[%emt 0:01:23]} Nd5 {[%emt 0:00:05]}
13. Bxe5 {[%emt 0:00:29]} Qxe5 {[%emt 0:00:05]} 14. fxe4 {[%emt 0:01:53]} Nxc3
{[%emt 0:00:07]} 15. bxc3 {[%emt 0:00:02]} Ba3+ {[%emt 0:00:01]} 16. Kb1 {
[%emt 0:00:05]} Qxe4 {[%emt 0:00:06]} 17. Bd3 {[%emt 0:00:27]} Qh4 {[%emt
0:00:10]} 18. Rhe1 {[%emt 0:00:23]} Bd7 {[%emt 0:00:27]} 19. Re4 {[%emt
0:00:19]} Qh5 {[%emt 0:00:01]} 20. g3 {[%emt 0:00:06]} Bc6 {[%emt 0:00:01]} 21.
Rh4 { [%emt 0:00:02]} Qxh4 {[%emt 0:00:05]} 22. gxh4 {[%emt 0:00:02]} g6 {[%emt
0:00:01]} 23. Nb3 {[%emt 0:00:03]} Rad8 {[%emt 0:00:02]} 24. Qe2 {[%emt
0:00:01]} Be7 {[%emt 0:00:03]} 25. h5 {[%emt 0:00:01]} Bg5 {[%emt 0:00:01]} 26.
hxg6 { [%emt 0:00:02]} hxg6 {[%emt 0:00:00]} 27. Rg1 {[%emt 0:00:04]} Rd5
{[%emt 0:00:02]} 28. Rg3 {[%emt 0:00:02]} Bf4 {[%emt 0:00:10]} 29. Rh3 {[%emt
0:00:03]} Be5 {[%emt 0:00:02]} 30. Qg4 {[%emt 0:00:06]} Bg7 {[%emt 0:00:03]}
31. Qh4 { [%emt 0:00:02]} Rfd8 {[%emt 0:00:02]} 32. Qg4 {[%emt 0:00:04]} Re5
{[%emt 0:00:09]} 33. Qg3 {[%emt 0:00:01]} a5 {[%emt 0:00:04]} 34. Nd4 {[%emt
0:00:01]} Bd5 {[%emt 0:00:07]} 35. Nf3 {[%emt 0:00:03]} Re3 {[%emt 0:00:02]}
36. Qf2 { [%emt 0:00:02]} Rxf3 {[%emt 0:00:05]} 37. Rxf3 {[%emt 0:00:00]} Bxf3
{[%emt 0:00:00]} 38. Qxf3 {[%emt 0:00:00]} Rd5 {[%emt 0:00:04]} 39. c4 {[%emt
0:00:02]} Re5 {[%emt 0:00:05] TimeW} 0-1

[Event "DSJ Weihnachtsturnier U16: Lasker 2020"]
[Site ""]
[Date "2020.12.28"]
[Round "4"]
[White "von Krosigk, Florian"]
[Black "Grabbel, Torben Frederik"]
[Result "1-0"]
[Termination "normal"]
[Board "2.3"]
[WhiteElo "1941"]
[BlackElo "1636"]
[WhiteTeam "Hamburger SK von 1830"]
[BlackTeam "Hamburger SK von 1830 3"]
[PlyCount "47"]
[WhiteFideId "16227808"]
[BlackFideId "16219180"]
[EventRounds "7"]
[EventType "team-swiss"]
[EventDate "2020.12.28"]

1. e4 {[%emt 0:00:16]} e5 {[%emt 0:00:10]} 2. Nf3 {[%emt 0:00:05]} Nc6 { [%emt
0:00:01]} 3. Bb5 {[%emt 0:00:04]} a6 {[%emt 0:00:02]} 4. Ba4 {[%emt 0:00:02]}
Nf6 {[%emt 0:00:01]} 5. d3 {[%emt 0:00:04]} b5 {[%emt 0:00:03]} 6. Bb3 { [%emt
0:00:02]} Be7 {[%emt 0:00:01]} 7. Nc3 {[%emt 0:00:08]} d6 {[%emt 0:00:02] } 8.
a3 {[%emt 0:00:01]} O-O {[%emt 0:00:02]} 9. h3 {[%emt 0:00:16]} Na5 { [%emt
0:00:06]} 10. Ba2 {[%emt 0:00:03]} c5 {[%emt 0:00:02]} 11. O-O {[%emt 0:00:06]}
Nc6 {[%emt 0:00:02]} 12. Nd5 {[%emt 0:00:15]} Bd7 {[%emt 0:00:25]} 13. Bd2
{[%emt 0:00:12]} Re8 {[%emt 0:00:08]} 14. c3 {[%emt 0:00:06]} Bf8 {[%emt
0:00:05]} 15. b4 {[%emt 0:00:03]} g6 {[%emt 0:00:32]} 16. Bg5 {[%emt 0:00:11]}
Bg7 {[%emt 0:00:06]} 17. bxc5 {[%emt 0:00:15]} dxc5 {[%emt 0:00:03]} 18. Be3 {
[%emt 0:00:02]} Bf8 {[%emt 0:00:26]} 19. Ng5 {[%emt 0:00:14]} Nxd5 {[%emt
0:00:47]} 20. Bxd5 {[%emt 0:00:18]} Re7 {[%emt 0:00:48]} 21. Qf3 {[%emt
0:00:24]} Be8 {[%emt 0:00:18]} 22. Bxc5 {[%emt 0:00:14]} Rb7 {[%emt 0:00:20]}
23. Bxf8 { [%emt 0:00:09]} Kxf8 {[%emt 0:00:16]} 24. Ne6+ {[%emt 0:00:04]} 1-0

[Event "DSJ Weihnachtsturnier U16: Lasker 2020"]
[Site ""]
[Date "2020.12.28"]
[Round "4"]
[White "Reyes-Mantilla, Andrés Mauricio"]
[Black "Huo, Da"]
[Result "0-1"]
[Termination "time forfeit"]
[Board "2.4"]
[WhiteElo "1564"]
[BlackElo "1918"]
[WhiteTeam "Hamburger SK von 1830 3"]
[BlackTeam "Hamburger SK von 1830"]
[PlyCount "92"]
[WhiteFideId "4467248"]
[BlackFideId "16221206"]
[EventRounds "7"]
[EventType "team-swiss"]
[EventDate "2020.12.28"]

1. d4 {[%emt 0:00:11]} Nf6 {[%emt 0:00:02]} 2. Nf3 {[%emt 0:00:02]} e6 { [%emt
0:00:02]} 3. c4 {[%emt 0:00:01]} b6 {[%emt 0:00:05]} 4. g3 {[%emt 0:00:01]} Ba6
{[%emt 0:00:02]} 5. b3 {[%emt 0:00:02]} Bb4+ {[%emt 0:00:04]} 6. Bd2 { [%emt
0:00:02]} Be7 {[%emt 0:00:07]} 7. Bg2 {[%emt 0:00:30]} Bb7 {[%emt 0:00:03]} 8.
O-O {[%emt 0:00:07]} O-O {[%emt 0:00:02]} 9. Bc3 {[%emt 0:00:06]} Ne4 { [%emt
0:00:17]} 10. Nfd2 {[%emt 0:00:24]} Nxc3 {[%emt 0:00:04]} 11. Nxc3 { [%emt
0:00:00]} Bxg2 {[%emt 0:00:04]} 12. Kxg2 {[%emt 0:00:00]} c5 {[%emt 0:00:02]}
13. dxc5 {[%emt 0:00:26]} Bxc5 {[%emt 0:00:02]} 14. Nde4 {[%emt 0:00:19]} Nc6
{[%emt 0:00:16]} 15. Nxc5 {[%emt 0:00:17]} bxc5 {[%emt 0:00:00]} 16. e3 { [%emt
0:00:12]} Qe7 {[%emt 0:01:05]} 17. Nb5 {[%emt 0:01:13]} a6 {[%emt 0:01:00]} 18.
Nd6 {[%emt 0:00:21]} f5 {[%emt 0:01:16]} 19. Qd2 {[%emt 0:00:23]} Ne5 {[%emt
0:00:07]} 20. Rad1 {[%emt 0:00:15]} Rab8 {[%emt 0:00:25]} 21. Qa5 { [%emt
0:00:22]} g5 {[%emt 0:01:02]} 22. Qxc5 {[%emt 0:00:09]} Ng6 {[%emt 0:00:41]}
23. f4 {[%emt 0:00:44]} gxf4 {[%emt 0:00:52]} 24. exf4 {[%emt 0:00:00]} h5
{[%emt 0:00:02]} 25. Qd4 {[%emt 0:01:07]} h4 {[%emt 0:00:24]} 26. Rfe1 { [%emt
0:01:10]} Qh7 {[%emt 0:01:20]} 27. c5 {[%emt 0:00:40]} h3+ {[%emt 0:00:04]} 28.
Kg1 {[%emt 0:00:06]} Qh5 {[%emt 0:00:19]} 29. Qe3 {[%emt 0:00:15]} Qg4 {[%emt
0:00:22]} 30. Rd4 {[%emt 0:00:13]} Nh4 {[%emt 0:00:06]} 31. Rf1 { [%emt
0:00:17]} Ng2 {[%emt 0:00:02]} 32. Qd2 {[%emt 0:00:26]} Nh4 {[%emt 0:00:06]}
33. Qf2 {[%emt 0:00:14]} Ng2 {[%emt 0:00:05]} 34. Nc4 {[%emt 0:00:07]} Qg7
{[%emt 0:00:27]} 35. Ne5 {[%emt 0:00:09]} Rbd8 {[%emt 0:00:04]} 36. Rfd1 {
[%emt 0:00:07]} d6 {[%emt 0:00:08]} 37. cxd6 {[%emt 0:00:06]} Rf6 {[%emt
0:00:04]} 38. d7 {[%emt 0:00:03]} Kf8 {[%emt 0:00:02]} 39. Qd2 {[%emt 0:00:05]}
Nh4 {[%emt 0:00:02]} 40. Kf1 {[%emt 0:00:02]} Ng6 {[%emt 0:00:03]} 41. Qb4+ {
[%emt 0:00:01]} Ne7 {[%emt 0:00:03]} 42. Ng6+ {[%emt 0:00:00]} Qxg6 {[%emt
0:00:01]} 43. Qa5 {[%emt 0:00:04]} Qg7 {[%emt 0:00:01]} 44. Qxa6 {[%emt
0:00:02]} Nd5 {[%emt 0:00:00]} 45. Qd6+ {[%emt 0:00:01]} Qe7 {[%emt 0:00:01]}
46. Qe5 { [%emt 0:00:04]} Rxd7 {[%emt 0:00:02] TimeW} 0-1

[Event "DSJ Weihnachtsturnier U16: Lasker 2020"]
[Site ""]
[Date "2020.12.28"]
[Round "4"]
[White "Hommer, Jeremy"]
[Black "Trifan, Andrei Ioan"]
[Result "1/2-1/2"]
[Termination "normal"]
[Board "3.1"]
[WhiteElo "2180"]
[BlackElo "2237"]
[WhiteTeam "SC Turm Lüneburg"]
[BlackTeam "OSG Baden-Baden"]
[PlyCount "119"]
[WhiteFideId "12992577"]
[BlackFideId "12967068"]
[EventRounds "7"]
[EventType "team-swiss"]
[EventDate "2020.12.28"]

1. e4 {[%emt 0:00:10]} e5 {[%emt 0:00:13]} 2. Nf3 {[%emt 0:00:02]} Nc6 { [%emt
0:00:05]} 3. Bc4 {[%emt 0:00:01]} Bc5 {[%emt 0:00:02]} 4. c3 {[%emt 0:00:02]}
Nf6 {[%emt 0:00:09]} 5. d3 {[%emt 0:00:01]} a6 {[%emt 0:00:06]} 6. O-O { [%emt
0:00:10]} Ba7 {[%emt 0:00:06]} 7. Bb3 {[%emt 0:00:05]} d6 {[%emt 0:00:05] } 8.
Nbd2 {[%emt 0:00:07]} O-O {[%emt 0:00:05]} 9. h3 {[%emt 0:00:02]} h6 { [%emt
0:00:02]} 10. Re1 {[%emt 0:00:02]} Nh5 {[%emt 0:00:05]} 11. Nf1 {[%emt
0:00:24]} Qf6 {[%emt 0:00:08]} 12. Ne3 {[%emt 0:00:15]} Nf4 {[%emt 0:00:13]}
13. Nd5 {[%emt 0:00:02]} Nxd5 {[%emt 0:00:03]} 14. exd5 {[%emt 0:00:02]} Ne7 {
[%emt 0:00:02]} 15. Be3 {[%emt 0:00:04]} Ng6 {[%emt 0:00:23]} 16. Bxa7 { [%emt
0:00:07]} Rxa7 {[%emt 0:00:00]} 17. d4 {[%emt 0:00:01]} Ra8 {[%emt 0:00:26]}
18. dxe5 {[%emt 0:00:08]} dxe5 {[%emt 0:00:00]} 19. Qe2 {[%emt 0:00:09]} Bf5
{[%emt 0:00:34]} 20. Bc2 {[%emt 0:00:12]} Nf4 {[%emt 0:00:06]} 21. Qd2 { [%emt
0:00:06]} Bxc2 {[%emt 0:00:37]} 22. Qxc2 {[%emt 0:00:05]} Nxh3+ {[%emt
0:00:02]} 23. gxh3 {[%emt 0:00:02]} Qxf3 {[%emt 0:00:02]} 24. Re3 {[%emt
0:00:00] } Qxd5 {[%emt 0:00:07]} 25. Rd1 {[%emt 0:00:04]} Qe6 {[%emt 0:00:30]}
26. Qe4 { [%emt 0:00:13]} Rad8 {[%emt 0:01:08]} 27. Rxd8 {[%emt 0:00:18]} Rxd8
{[%emt 0:00:00]} 28. Qxb7 {[%emt 0:00:03]} Rd1+ {[%emt 0:00:56]} 29. Kg2 {[%emt
0:00:22] } Qc4 {[%emt 0:00:55]} 30. Kh2 {[%emt 0:01:00]} Rd2 {[%emt 0:00:43]}
31. Rf3 { [%emt 0:00:42]} Qe6 {[%emt 0:00:22]} 32. Qxc7 {[%emt 0:00:46]} e4
{[%emt 0:00:12]} 33. Rf4 {[%emt 0:00:17]} e3 {[%emt 0:00:07]} 34. Qb7 {[%emt
0:02:03]} Rxf2+ {[%emt 0:01:30]} 35. Rxf2 {[%emt 0:00:15]} exf2 {[%emt
0:00:00]} 36. Kg2 {[%emt 0:00:12]} Qf6 {[%emt 0:00:22]} 37. Qa8+ {[%emt
0:00:15]} Kh7 {[%emt 0:00:03]} 38. Qe4+ {[%emt 0:00:01]} Qg6+ {[%emt 0:00:11]}
39. Qxg6+ {[%emt 0:00:05]} Kxg6 {[%emt 0:00:00]} 40. Kxf2 {[%emt 0:00:01]} Kf5
{[%emt 0:00:02]} 41. Kf3 {[%emt 0:00:03]} g5 {[%emt 0:00:07]} 42. b4 {[%emt
0:00:02]} Ke5 {[%emt 0:00:03]} 43. c4 {[%emt 0:00:02]} Kd4 {[%emt 0:00:24]} 44.
c5 {[%emt 0:00:03]} Kd5 {[%emt 0:00:01]} 45. Kg4 {[%emt 0:00:13]} a5 {[%emt
0:00:03]} 46. a3 { [%emt 0:00:04]} axb4 {[%emt 0:00:01]} 47. axb4 {[%emt
0:00:02]} Ke5 {[%emt 0:00:02]} 48. b5 {[%emt 0:00:12]} f5+ {[%emt 0:00:01]} 49.
Kf3 {[%emt 0:00:05]} Kd5 {[%emt 0:00:01]} 50. b6 {[%emt 0:00:04]} Kc6 {[%emt
0:00:01]} 51. Kg3 { [%emt 0:00:06]} h5 {[%emt 0:00:04]} 52. Kf3 {[%emt
0:00:09]} h4 {[%emt 0:00:05] } 53. Ke3 {[%emt 0:00:04]} g4 {[%emt 0:00:02]} 54.
hxg4 {[%emt 0:00:01]} fxg4 { [%emt 0:00:03]} 55. Kf4 {[%emt 0:00:05]} h3 {[%emt
0:00:02]} 56. Kg3 {[%emt 0:00:01]} Kb7 {[%emt 0:00:01]} 57. Kh2 {[%emt
0:00:02]} Kc6 {[%emt 0:00:01]} 58. Kg3 {[%emt 0:00:01]} Kb7 {[%emt 0:00:01]}
59. Kh2 {[%emt 0:00:01]} Kc6 { [%emt 0:00:01]} 60. Kg3 {[%emt 0:00:01]} 1/2-1/2